000 00436 a2200109 4500
001 ART_30266
005 20260410161918.0
008 260409a
245 1 0 _aResponsabilidad del auditor sobre otra información que acompaña los estados contables auditados
100 1 _aCanetti, Marcelo
773 0 _tDocumentos de trabajo de contabilidad, auditoría y responsabilidad social
_g- Año 4, Nº 8 (dic. 2014)
_wREV14385
999 _c27469
_d27469